La justificación de un delito en situaciones de necesidad
Saved in:
| Main Author: | |
|---|---|
| Format: | Book |
| Language: | Spanish |
| Published: |
Madrid
Marcial Pons
2017
|
| Edition: | 1a. ed |
| Series: | Colección Derecho Penal y Criminología
|
| Subjects: | |
| Tags: |
Add Tag
No Tags, Be the first to tag this record!
|
MARC
| LEADER | 00000cam a2200000 a 4500 | ||
|---|---|---|---|
| 001 | UCC1243 | ||
| 003 | CL-VaPUC | ||
| 008 | 171013e20170000sp |||||||||||||||||spa|d | ||
| 020 | |a 9788491231929 | ||
| 082 | 0 | 4 | |a 345.05044 |b WIL |2 21 |
| 100 | 0 | |a Wilenmann, Javier |e author |9 595298 | |
| 245 | 1 | 3 | |a La justificación de un delito en situaciones de necesidad |
| 250 | |a 1a. ed | ||
| 300 | |a 777 p | ||
| 942 | |c BK | ||
| 945 | |d 20171013 12:11:00 |a arojas | ||
| 260 | |a Madrid |b Marcial Pons |c 2017 | ||
| 650 | 7 | |a DERECHO PENAL |2 CL-VaPUC |9 11 | |
| 650 | 0 | |a Legítima defensa |9 383135 | |
| 583 | |a last modification |c 20171013 12:11:00 |k Rodrigo Vera | ||
| 490 | 0 | |a Colección Derecho Penal y Criminología | |
| 999 | |c 369804 |d 369802 | ||
| 952 | |0 0 |1 0 |3 erb |4 0 |6 345_050440000000000_WIL_2017 |7 0 |8 A |9 485937 |a BIBDER |b BIBDER |i 5429307 |l 7 |o 345.05044 WIL 2017 |p 5429307 |r 2025-01-28 |s 2025-01-28 |w 2019-11-24 |y BK |z Catalogado en:20171013 |k DER | ||